Centesimus annus : encyklika Jana Pavla II. k 100. výročí encykliky Rerum novarum z 1. května 1991
Record details
- ISBN: 80-7113-050-8
- Physical Description: 76 s. ; 21 cm
- Edition: 1. vyd.
- Publisher: Praha : Zvon, 1991
Content descriptions
| General Note: | 20000 výt. Pozn. Přeloženo z němčiny |
| Bibliography, etc. Note: | Obsahuje bibliografické odkazy |
Search for related items by subject
| Subject: | Jan Pavel II., papež, 1920-2005 |
| Genre: | texty |
Available copies
- 2 of 2 copies available at Common Catalog SPOK.
Holds
- 0 current holds with 2 total copies.
Show Only Available Copies
| Location | Call Number / Copy Notes | Barcode | Shelving Location | Status | Due Date |
|---|---|---|---|---|---|
| ETS Library | 261.8 | 424470003505 | Volný výběr | Available | - |
| Jabok Library | EK-4.1.2/J | 424480005639 | Odborná literatura | Available | - |
| LDR | 01393nam a2200397 4500 | ||
|---|---|---|---|
| 001 | 1142 | ||
| 003 | CZ-PrJAB | ||
| 005 | 20220419131905.0 | ||
| 007 | ta | ||
| 008 | 910904s1991 xr u0|0 | cze | ||
| 015 | . | ‡acnb000063696 | |
| 020 | . | ‡a80-7113-050-8 ‡q(brož.) : ‡cKčs 15,00 | |
| 035 | . | ‡a(CZ PrNK)ck9105629 | |
| 035 | . | ‡a(OCoLC)39598968 | |
| 040 | . | ‡aABA001 ‡bcze ‡dABA001 | |
| 041 | 1 | . | ‡acze ‡hger |
| 080 | . | ‡a316 ‡2undef | |
| 080 | . | ‡a338.2 ‡2undef | |
| 080 | . | ‡a26 ‡2undef | |
| 080 | . | ‡a28 ‡2undef | |
| 082 | 1 | 4. | ‡a261.8 |
| 100 | 0 | . | ‡aJan Pavel ‡bII., ‡cpapež, ‡d1920-2005 ‡7jn19981001536 ‡4aut |
| 245 | 1 | 0. | ‡aCentesimus annus : ‡bencyklika Jana Pavla II. k 100. výročí encykliky Rerum novarum z 1. května 1991 |
| 250 | . | ‡a1. vyd. | |
| 260 | . | ‡aPraha : ‡bZvon, ‡c1991 | |
| 300 | . | ‡a76 s. ; ‡c21 cm | |
| 500 | . | ‡a20000 výt. | |
| 500 | . | ‡aPozn. | |
| 500 | . | ‡aPřeloženo z němčiny | |
| 504 | . | ‡aObsahuje bibliografické odkazy | |
| 600 | 0 | 7. | ‡aJan Pavel ‡bII., ‡cpapež, ‡d1920-2005 ‡7jn19981001536 ‡2czenas |
| 655 | 7. | ‡atexty ‡7fd133699 ‡2czenas | |
| 910 | . | ‡aABG450 | |
| 910 | . | ‡aABG312 | |
| 964 | . | ‡aUčení sociální - ekonomika tržní - církev římskokatolická - Centesimus annus (encyklika) | |
| 964 | . | ‡aJan Pavel II. (papež, *1920) - Centesimus annus (encyklika) - r. 1991 - texty | |
| 999 | . | ‡a1268 ‡bAUTOGEN ‡c1268 ‡tbiblio | |
| 901 | . | ‡a1142 ‡bUnknown ‡c1142 ‡tbiblio ‡sets | |